[Event "Belyaev Memorial 06th"]
[Site "Vizantia"]
[Date "2006.07.03"]
[Round "3"]
[White "Salihova, Lilia"]
[Black "Kamilov, Lenar"]
[Result "0-1"]
[WhiteElo "2068"]
[BlackElo "2228"]
[PlyCount "38"]
[EventDate "2006.06.29"]
[EventType "swiss"]
[EventRounds "11"]
[EventCountry "RUS"]
[SourceTitle "EXT 2008"]
[Source "ChessBase"]
[SourceDate "2007.11.25"]
[SourceVersion "1"]
[SourceVersionDate "2007.11.25"]
[SourceQuality "1"]

1. e4 c6 2. d4 d5 3. e5 Bf5 4. c4 e6 5. Bd3 Bxd3 6. Qxd3 dxc4 7. Qxc4 Nd7 8. Nc3 Nb6 9. Qd3 Ne7 10. Bg5 h6 11. Bxe7 Bxe7 12. Nge2 Nd7 13. Ng3 Nxe5 14. Qe4 Nc4 15. 0-0-0 Nd6 16. Qd3 Qa5 17. Kb1 0-0-0 18. Rhe1 Bf6 19. Nh5 Qxh5 0-1